| 000 | 00891nam a22002175i 4500 | ||
|---|---|---|---|
| 001 | 53546 | ||
| 003 | ES-MaACL | ||
| 005 | 20250727062556.0 | ||
| 007 | t| | ||
| 008 | 960520s1890 sp ||||1| spa d | ||
| 040 |
_aCLM _bspa _cCCPB | SIC |
||
| 100 | 1 |
_aFabra, Nilo María, _d1841-1903 _948523 |
|
| 245 | 1 | 3 |
_aEl problema social _b: artículos publicados en la Ilustración Española y Americana / _cNilo María Fabra. |
| 260 |
_aMadrid : _bLibería de Fernando Fe, _c1890 ( _fEstab. tip. sucesores de Rivadeneyra) |
||
| 300 |
_a84 p. ; _c18 cm. |
||
| 505 | 8 | _aContiene : La revolución social. -- Después de la revolución social. -- La huelga de las mujeres y la anarquía. -- En plena anarquía. -- La restauración burguesa. -- Epílogo | |
| 650 | 0 | 7 |
_aSocialismo _2embne _917147 |
| 852 |
_aES-MaACL _jB-13441 |
||
| 852 |
_aES-MaACL _jT-735-F-4 |
||
| 999 |
_c53546 _d53546 |
||